| 000 | 00354 a2200157 4500 | ||
|---|---|---|---|
| 001 | 152502 | ||
| 040 | _cEscola São Tomás de Aquino | ||
| 100 | _aANDRADE, Carlos Drummond de | ||
| 240 | 1 | 0 |
_aAmar se aprende amando _lpor |
| 245 | 1 | 0 | _aAmar se aprende amando |
| 300 | _a178 | ||
| 362 | 0 | _a1987 | |
| 440 | 1 | _aRecord | |
| 697 | _aPoesia | ||
| 942 | _cBK | ||
| 999 |
_c152502 _d152502 |
||